| 000 | 00667nam a2200241Ia 4500 | ||
|---|---|---|---|
| 003 | OSt | ||
| 005 | 20220927105322.0 | ||
| 006 | a|||||r|||| 00| 0 | ||
| 007 | ta | ||
| 008 | 220926b |||||||| |||| 00| 0 eng d | ||
| 020 | _a8190416952 | ||
| 024 | _a174664 | ||
| 037 | _cReference Collections | ||
| 040 |
_aRTL _cRTL _beng |
||
| 041 |
_2eng _aeng |
||
| 082 | _a"4.2,h,M81, P8" | ||
| 100 |
_aDua H.K. Ed. _9371654 |
||
| 245 | 0 |
_aTribune 125 years _b An anthology 1881-2006. |
|
| 260 |
_aChandigarh _bTribune _c2008 |
||
| 300 |
_a"viii, 413p." _ccm. |
||
| 942 |
_h"4.2,h,M81, P8" _cCC |
||
| 999 |
_c691790 _d691790 |
||